| 000 | 00685nam1a22002051i 4500 | ||
|---|---|---|---|
| 001 | rc\2645675 | ||
| 005 | 20240726020230.0 | ||
| 035 | _a(NLR Aleph) 006953380 | ||
| 090 |
_a5269960 _c5269960 |
||
| 100 | _a20110608d1931 |||y0rusy50 ca | ||
| 101 | 0 | _arus | |
| 102 | _aRU | ||
| 105 | _a z ||||| | ||
| 200 | 1 |
_aДетям Октября _eКнига для работы в I группе ФЗС ... |
|
| 210 |
_aСаратов _aМосква _cОгиз - Н.-Волж. краев. изд-во _d1931 _gтип. № 2 Н.-В. крайполиграфтреста |
||
| 215 | _d25×17 см | ||
| 801 | 0 |
_aRU _bNLR _gpsbo |
|
| 801 | 1 |
_aRU _bELAR _2rusmarc |
|
| 852 |
_aNLR _j31-19/618(2) |
||
| 942 | _cBOOK | ||